History Quiz

Random History or Capital Quiz
Score 0/42 Timer 07:00
1 Play Today
Year Person % Correct
1921Unknown Soldier of WWI
100%
1958Unknown Soldiers of WWII & Korea
99.9%
1984Unknown Soldier of Vietnam
99.9%
1865Abraham Lincoln
92.4%
1963John Kennedy
88%
2004Ronald Reagan
86.4%
2006Gerald Ford
83.7%
1969Dwight Eisenhower
83.6%
1972J. Edgar Hoover
82.4%
1964Herbert Hoover
82.4%
2018George H. W. Bush
82.2%
1973Lyndon Johnson
81.1%
2016Antonin Scalia
70.5%
2018John McCain
70.4%
1930William Taft
66.4%
1953Robert Taft
66.4%
1901William McKinley
64%
1881James Garfield
59.1%
1923Warren Harding
55.5%
1875Henry Wilson
53.9%
2005Rosa Parks
50.7%
Year Person % Correct
1964Douglas MacArthur
47.4%
1993Thurgood Marshall
44.9%
1974Earl Warren
37.5%
2005William Rehnquist
37.2%
2019Elijah Cummings
33.3%
2012Daniel Inouye
31.2%
1948John Pershing
29.3%
1995Warren Burger
26.3%
2019John Paul Stevens
25.9%
1978Hubert Humphrey
20.2%
1868Thaddeus Stevens
17.3%
2013Frank Lautenberg
12.6%
1909Pierre Charles L'Enfant
11.2%
1996Ronald Brown
11.1%
1969Everett Dirksen
9.9%
1917George Dewey
9.6%
1997William Brennan
9.3%
1874Charles Sumner
7.7%
1999Harry Blackmun
7.7%
1989Claude Pepper
5.6%
1886John Logan
2.5%

You're not logged in!

Compare scores with friends on all Sporcle quizzes.
OR
Log In

Sporcle TV

Today on Sporcle TV


Watch our educational content, quiz creation guides, and fun videos on Sporcle TV.

Show Comments

Extras

Top Quizzes Today


Score Distribution

Paid Content

Your Account Isn't Verified!

In order to create a playlist on Sporcle, you need to verify the email address you used during registration. Go to your Sporcle Settings to finish the process.

Report this User

Report this user for behavior that violates our Community Guidelines.

Details: